Diccionario de términos económicos

Tallennettuna:
Bibliografiset tiedot
Päätekijä: Sepúlveda L., César (Tekijä)
Aineistotyyppi: Kirja
Kieli:espanja
Julkaistu: Santiago Universitaria 2000
Painos:10a. ed
Aiheet:
Tagit: Lisää tagi
Ei tageja, Lisää ensimmäinen tagi!

MARC

LEADER 00000nam a2200000 a 4500
001 UCH6428
003 CL-VaPUC
008 091109e20000000CL |||||||||||||||||spa|d
020 |a 9561111845 
082 0 4 |a 330.03  |b SEP  |2 21 
100 0 |a Sepúlveda L., César  |e author  |9 542933 
245 1 0 |a Diccionario de términos económicos 
250 |a 10a. ed 
300 |a 186 p 
942 |c BK 
945 |d 20091109 00:00:00  |a lazolas 
260 |a Santiago  |b Universitaria  |c 2000 
650 0 |a Economía   |9 255568 
650 0 |a Finanzas  |9 260832 
650 0 |a Diccionarios  |9 256200 
583 |a last modification  |c 20091109 00:00:00  |k Rodrigo Vera 
999 |c 337313  |d 337311